| Tag |
First Indicator |
Second Indicator |
Subfields |
| LEADER |
00000cam a2200000 a 4500 |
| 001 |
in00001406596 |
| 005 |
20151020072809.0 |
| 008 |
970905s1998 dcuab b 001 0 eng |
| 010 |
|
|
|a 97031652
|
| 020 |
|
|
|a 1574881388
|
| 035 |
|
|
|a (OCoLC)37615344
|
| 035 |
|
|
|9 AHQ3541AM
|
| 040 |
|
|
|a DLC
|c DLC
|d TXA
|d UtOrBLW
|
| 049 |
|
|
|a TXAM
|
| 050 |
0 |
0 |
|a KZ6376
|b .H55 1998
|
| 082 |
0 |
0 |
|a 327.1/6
|2 21
|
| 100 |
1 |
|
|a Hillen, John.
|
| 245 |
1 |
0 |
|a Blue helmets :
|b the strategy of UN military operations /
|c John Hillen.
|
| 250 |
|
|
|a 1st ed.
|
| 264 |
|
1 |
|a Washington, D.C. :
|b Brassey's,
|c [1998]
|
| 264 |
|
4 |
|c ©1998
|
| 300 |
|
|
|a xxiv, 312 pages :
|b illustrations, maps ;
|c 24 cm.
|
| 336 |
|
|
|a text
|b txt
|2 rdacontent
|
| 337 |
|
|
|a unmediated
|b n
|2 rdamedia
|
| 338 |
|
|
|a volume
|b nc
|2 rdacarrier
|
| 504 |
|
|
|a Includes bibliographical references (pages 289-305) and index.
|
| 500 |
|
|
|a "An AUSA Institute of Land Warfare book."
|
| 610 |
2 |
0 |
|a United Nations
|x Armed Forces.
|
| 650 |
|
0 |
|a International police.
|
| 948 |
|
|
|a c:dm
|
| 999 |
|
|
|a MARS
|
| 999 |
f |
f |
|s 0f03e91c-0df0-35bc-98c6-e0c31f20fbb2
|i dab91c06-9101-3ad3-9b6c-0f056e152e97
|t 0
|
| 952 |
f |
f |
|p ric
|a Texas A&M University
|b Rellis Campus
|c Joint Library Facility
|d Remote Storage
|t 0
|e KZ6376 .H55 1998
|h Library of Congress classification
|i unmediated -- volume
|m A14823326228
|
| 998 |
f |
f |
|a KZ6376 .H55 1998
|t 0
|l Remote Storage
|